| 000 | 00933nam a22004452 4500 | ||
|---|---|---|---|
| 001 | 0000025338 | ||
| 003 | |||
| 005 | 20151217145958.0 | ||
| 008 | 150701s xx 000 0 eng d | ||
| 010 | _a | ||
| 020 |
_a _c |
||
| 040 |
_aKABU _cKABU |
||
| 041 | 1 |
_a _b _h |
|
| 100 | 1 |
_aJensen, Sharon, _d _@0000185967 |
|
| 240 | 1 | _a | |
| 245 | 1 | 0 |
_aNursing Health Assessment : _bA Best Practice Approach / _c |
| 246 | 3 | _a | |
| 250 | _a | ||
| 260 |
_aNew York : _bWolters Kluwer, _c |
||
| 300 |
_axxx,967p. : _bill. ; _c cm. |
||
| 440 | 0 | _a | |
| 500 | _a | ||
| 504 | _a | ||
| 505 | 0 | _a | |
| 520 | _a | ||
| 521 | 2 | _a | |
| 590 | _a | ||
| 591 |
_a _b |
||
| 600 | 1 | 0 |
_a _d |
| 610 | 2 | 0 |
_a _b |
| 650 | 0 |
_aNursing assessment _x _@0000185968 |
|
| 650 | 0 |
_a _x |
|
| 651 | 0 |
_a _x |
|
| 690 | _a | ||
| 700 | 1 | 0 |
_a _d |
| 710 | 2 |
_a _b |
|
| 740 | 0 | 2 | _a |
| 908 | _a150701 | ||
| 999 |
_c4687 _d4687 |
||